Statistiques concernant Capitales commençant par C

Cliquez ici pour prendre le quiz!

Statistiques générales

  • Ce quiz a été pris 258 fois
  • Le résultat moyen est 5 sur 8

Statistiques - réponses

Capitales% Correct
Canberra
81%
Caracas
75%
Copenhague
62%
Chisinau
61%
Le Caire
53%
Conakry
52%
Le Cap
47%
Castries
40%

Distribution des résultats

Percentile par nombre de réponses

% des personnes avec chaque résultat

Votre développement - résultats

Vous n’avez pas pris ce quiz